000 00963nac a22002411u 4500
010 _a 2002514057
020 _a007219510X
082 0 0 _a621.3821
_bCAR
090 _c5538
_d5538
100 _aCarty, Glen.
245 1 0 _aBroadband networking /
_cGlen Carty.
260 _aNew York :
_bMcGraw-Hill/Osborne,c2002.
_cc2002.
300 _axviii, 461 p. :
_bill. ;
_c24 cm.
440 0 _aNetwork professional's library
500 _aIncludes "Network professional library broadband networking" (network bluebrints and diagrams) on 8 p. of plates.
500 _aIncludes index.
500 _aDistributer : Al-Ahram.
511 _aCatalogued By: Mahitab.
650 0 _aBroadband communication systems.
856 4 1 _3Table of contents
_uhttp://www.loc.gov/catdir/toc/mh031/2002514057.html
856 4 1 _3Publisher description
_uhttp://www.loc.gov/catdir/description/mh031/2002514057.html
942 _cBB
_k621.3821CAR
999 _c5538
_d5538